| 000 | 00510cam a2200169 a 4500 | ||
|---|---|---|---|
| 005 | 20250901165335.0 | ||
| 008 | 921203s1993 njua j b 001 0 eng | ||
| 010 | _a 92044972 | ||
| 020 | _a0894904515 | ||
| 050 | 0 | 0 |
_aHF5549.5.A34 H36 1993 _bH36 1993 |
| 082 | 0 | 0 |
_a331.13/3 _220 |
| 100 | 1 | _aHanmer, Trudy J. | |
| 245 | 1 | 0 |
_aAffirmative action : _bopportunity for all? / _cTrudy J. Hanmer. |
| 260 |
_aHillside, N.J., U.S.A. : _bEnslow Publishers, _cc1993. |
||
| 300 |
_a128 p. : _bill. ; _c24 cm. |
||
| 942 | _2ddc | ||
| 999 |
_c2410 _d2410 |
||